Historia económica y social general (Registro nro. 3684)
[ vista simple ]
| 000 -LEADER | |
|---|---|
| fixed length control field | 01418 a2200253 4500 |
| 001 - CONTROL NUMBER | |
| control field | 43275 |
| 005 - DATE AND TIME OF LATEST TRANSACTION | |
| control field | 20260407155717.0 |
| 008 - FIXED-LENGTH DATA ELEMENTS--GENERAL INFORMATION | |
| fixed length control field | 260407a1988 arg spa d |
| 003 - CONTROL NUMBER IDENTIFIER | |
| control field | AR-UNSa-BCEJYS |
| 040 ## - CATALOGING SOURCE | |
| Original cataloging agency | AR-UNSa-BCEJYS |
| Language of cataloging | spa |
| Transcribing agency | AR-UNSa-BCEJYS |
| 080 ## - UNIVERSAL DECIMAL CLASSIFICATION NUMBER | |
| Universal Decimal Classification number | 94:33 |
| Common auxiliary subdivision | Historia económica |
| 020 ## - INTERNATIONAL STANDARD BOOK NUMBER | |
| International Standard Book Number | 950-537-442-9 |
| 041 ## - LANGUAGE CODE | |
| Language code of text/sound track or separate title | spa |
| 100 1# - MAIN ENTRY--PERSONAL NAME | |
| Personal name | Berenblum, Rubén |
| 245 10 - TITLE STATEMENT | |
| Title | Historia económica y social general |
| 264 #1 - PRODUCTION, PUBLICATION, DISTRIBUTION, MANUFACTURE, AND COPYRIGHT NOTICE | |
| Place of production, publication, distribution, manufacture | Buenos Aires : |
| Name of producer, publisher, distributor, manufacturer | Ediciones Macchi |
| Date of production, publication, distribution, manufacture, or copyright notice | 1988 |
| 300 ## - PHYSICAL DESCRIPTION | |
| Extent | xxii, 463 p. |
| Dimensions | 23 cm. |
| 505 ## - FORMATTED CONTENTS NOTE | |
| Formatted contents note | Introducción: Primera Parte : 1. El significado de la revolución industrial - 2. Los factores condicionantes de la industrialización - 3. La revolución industrial en gran bretaña - 4. Los nuevos paises industriales: Europa occidental y los Estados Unidos - 5. Las economías industriales en la segunda mitad del siglo XIX - Segund Parte: Plenitud y crisis de la socidad industrial : 6. Aspectos económicos y sociales de la primera guerra mundial - 7. Los problemas de la decada del veinte - 8. La crisis de los años treinta - 9. La segunda guerra mundial - 10. La expansión de la segunda posguerra - Tercera Parte: La transición a la economía posindustrial: 11. La transición a la economía posindustrial |
| 590 ## - LOCAL NOTE (RLIN) | |
| Local note | niveau_biblio:m niveau_hierar:0 |
| 700 1# - ADDED ENTRY--PERSONAL NAME | |
| Personal name | Barbero, Maria Inés |
| 700 1# - ADDED ENTRY--PERSONAL NAME | |
| Personal name | Garcia Molina, Fernando R. |
| 700 1# - ADDED ENTRY--PERSONAL NAME | |
| Personal name | Saborido, Jorge E. |
| 942 ## - ADDED ENTRY ELEMENTS (KOHA) | |
| Koha item type | |
| Withdrawn status | Lost status | Damaged status | Not for loan | Home library | Current library | Shelving location | Date acquired | Total checkouts | Full call number | Barcode | Date last seen | Price effective from | Koha item type |
|---|---|---|---|---|---|---|---|---|---|---|---|---|---|
| Biblioteca Prof. Eusebio Cleto del Rey | Biblioteca Prof. Eusebio Cleto del Rey | 07/04/2026 | 94:33 H673 | L85583 | 07/04/2026 | 07/04/2026 | Libro | ||||||
| Biblioteca Prof. Eusebio Cleto del Rey | Biblioteca Prof. Eusebio Cleto del Rey | 07/04/2026 | 94:33 H673 | L85734 | 07/04/2026 | 07/04/2026 | Libro | ||||||
| Biblioteca Prof. Eusebio Cleto del Rey | Biblioteca Prof. Eusebio Cleto del Rey | 07/04/2026 | 94:33 H673 | L85735 | 07/04/2026 | 07/04/2026 | Libro | ||||||
| Biblioteca Prof. Eusebio Cleto del Rey | Biblioteca Prof. Eusebio Cleto del Rey | 07/04/2026 | 94:33 H673 | L85736 | 07/04/2026 | 07/04/2026 | Libro |